000
00300nam a22001337a 4500
003
SGT
020
_a
97815433442741
082
_a
615.19
_b
ARO
100
_a
ARORA VARUN
245
_a
PHARMACEUTICAL ORGANIC CHEMISTRY- I
260
_a
INDIA
_b
PEE VEE PUB
_c
2023
300
_a
396
942
_2
ddc
_c
BK
999
_c
34464
_d
34464